A dictionary of early Christian beliefs : (Record no. 7133)
[ view plain ]
| 000 -LEADER | |
|---|---|
| fixed length control field | 01009pam a2200253 a 4500 |
| 001 - CONTROL NUMBER | |
| control field | 2140928 |
| 005 - DATE AND TIME OF LATEST TRANSACTION | |
| control field | 20250724094555.0 |
| 008 - FIXED-LENGTH DATA ELEMENTS--GENERAL INFORMATION | |
| fixed length control field | 980520s1998 mau d 000 0 eng |
| 020 ## - INTERNATIONAL STANDARD BOOK NUMBER | |
| International Standard Book Number | 1565633571 |
| 020 ## - INTERNATIONAL STANDARD BOOK NUMBER | |
| International Standard Book Number | 9781565633575 |
| 050 00 - LIBRARY OF CONGRESS CALL NUMBER | |
| Classification number | BR66.5 |
| Item number | .D53 1998 |
| 082 00 - DEWEY DECIMAL CLASSIFICATION NUMBER | |
| Classification number | 270.1 |
| Edition information | 21 |
| 245 02 - TITLE STATEMENT | |
| Title | A dictionary of early Christian beliefs : |
| Remainder of title | a reference guide to more than 700 topics discussed by the Early Church Fathers / |
| Statement of responsibility, etc. | David Bercot, editor. |
| 260 ## - PUBLICATION, DISTRIBUTION, ETC. | |
| Place of publication, distribution, etc. | Peabody, Mass. : |
| Name of publisher, distributor, etc. | Hendrickson Publishers, |
| Date of publication, distribution, etc. | c1998. |
| 300 ## - PHYSICAL DESCRIPTION | |
| Extent | xx, 704 p. ; |
| Dimensions | 24 cm. |
| 650 #0 - SUBJECT ADDED ENTRY--TOPICAL TERM | |
| Topical term or geographic name entry element | Fathers of the Church |
| General subdivision | Dictionaries. |
| 650 #0 - SUBJECT ADDED ENTRY--TOPICAL TERM | |
| Topical term or geographic name entry element | Theology |
| General subdivision | Dictionaries. |
| 650 #0 - SUBJECT ADDED ENTRY--TOPICAL TERM | |
| Topical term or geographic name entry element | Fathers of the Church |
| General subdivision | Quotations. |
| 650 #0 - SUBJECT ADDED ENTRY--TOPICAL TERM | |
| Topical term or geographic name entry element | Theology |
| General subdivision | Quotations, maxims, etc. |
| 700 1# - ADDED ENTRY--PERSONAL NAME | |
| Personal name | Bercot, David W. |
| 856 42 - ELECTRONIC LOCATION AND ACCESS | |
| Materials specified | Publisher description |
| Uniform Resource Identifier | <a href="http://www.loc.gov/catdir/description/hend021/98008259.html">http://www.loc.gov/catdir/description/hend021/98008259.html</a> |
| 856 42 - ELECTRONIC LOCATION AND ACCESS | |
| Materials specified | Contributor biographical information |
| Uniform Resource Identifier | <a href="http://www.loc.gov/catdir/enhancements/fy0706/98008259-b.html">http://www.loc.gov/catdir/enhancements/fy0706/98008259-b.html</a> |
| 942 ## - ADDED ENTRY ELEMENTS (KOHA) | |
| Source of classification or shelving scheme | Library of Congress Classification |
| Koha item type | Books |
| Suppress in OPAC | No |
| 999 ## - | |
| -- | 7133 |
| -- | 7133 |
| Withdrawn status | Lost status | Source of classification or shelving scheme | Damaged status | Not for loan | Collection | Home library | Current library | Shelving location | Date acquired | Total checkouts | Full call number | Barcode | Date last seen | Copy number | Price effective from | Koha item type |
|---|---|---|---|---|---|---|---|---|---|---|---|---|---|---|---|---|
| Library of Congress Classification | Reference | Undergraduate Library (Christ Temple) | Undergraduate Library (Christ Temple) | General stacks | 07/24/2025 | REF BR66.5 DIC | ulct00004111 | 07/24/2025 | 1 | 07/24/2025 | Books |